000 00355nam a2200157Ia 4500
003 OSt
005 20240103125338.0
008 170524s9999 xx 000 0 und d
020 _a9780070636811
040 _cIIMT UNIVERSITY
100 _aVaughan T
245 0 _aMultimedia: Make it Work
260 _bTMH New Delhi
260 _c2007
942 _2ddc
_c02
999 _c4770
_d4770